| Tag |
First Indicator |
Second Indicator |
Subfields |
| LEADER |
00000pam a2200000 i 4500 |
| 001 |
in00000027517 |
| 005 |
20151007062630.0 |
| 008 |
790717s1980 nju b 10000 eng |
| 010 |
|
|
|a 79017833
|
| 020 |
|
|
|a 069107612X :
|c $13.50
|
| 035 |
|
|
|a (OCoLC)05239770
|
| 035 |
|
|
|9 AAD5408AM
|
| 040 |
|
|
|a DLC
|c DLC
|d TXA
|d UtOrBLW
|
| 049 |
|
|
|a TXAM
|c [1405830]
|
| 050 |
0 |
0 |
|a JA71
|b .P632
|
| 082 |
0 |
|
|a 320
|
| 245 |
0 |
0 |
|a Political theory and political education /
|c edited by Melvin Richter.
|
| 264 |
|
1 |
|a Princeton :
|b Princeton University Press,
|c [1980]
|
| 264 |
|
4 |
|c ©1980
|
| 300 |
|
|
|a 203 pages ;
|c 23 cm.
|
| 336 |
|
|
|a text
|b txt
|2 rdacontent
|
| 337 |
|
|
|a unmediated
|b n
|2 rdamedia
|
| 338 |
|
|
|a volume
|b nc
|2 rdacarrier
|
| 500 |
|
|
|a "This book is the result of an international meeting of the Conference for the Study of Political Thought."
|
| 504 |
|
|
|a Includes bibliographical references.
|
| 650 |
|
0 |
|a Political science
|v Congresses.
|
| 650 |
|
0 |
|a Political science
|x Study and teaching
|x Congresses.
|
| 700 |
1 |
|
|a Richter, Melvin,
|d 1921-
|
| 710 |
2 |
|
|a Conference for the Study of Political Thought.
|
| 999 |
|
|
|a MARS
|
| 999 |
f |
f |
|s 4ace6f24-85e4-3828-95e5-cf2a610534a7
|i e99e7eee-f46a-3a6b-afbb-27e3ea377441
|t 0
|
| 952 |
f |
f |
|p ric
|a Texas A&M University
|b Rellis Campus
|c Joint Library Facility
|d Remote Storage
|t 0
|e JA71 .P632
|h Library of Congress classification
|i unmediated -- volume
|m A14803064848
|
| 998 |
f |
f |
|a JA71 .P632
|t 0
|l Remote Storage
|